[Event "AUTO-ADV-4799"]
[Site "http://www.queenalice.com/game.php?id=1840365"]
[Date "2024.7.16"]
[Round "1"]
[White "shmurtz91"]
[Black "Xadrinho7"]
[Result "0-1"]
[WhiteElo "1874"]
[BlackElo "1833"]

1. Nf3 Nc6 2. e4 e5 3. c3 Nf6 4. d4 exd4 5. cxd4 Bb4+ 6. Nc3 Nxe4 7. Bd2 d5 8.
Bd3 Nxd2 9. Qxd2 O-O 10. O-O Re8 11. Qf4 h6 12. Ne2 Bd6 13. Qc1 Nb4 14. Bb5 c6
15. Ba4 Rxe2 0-1

[Event "AUTO-ADV-4799"]
[Site "http://www.queenalice.com/game.php?id=1840366"]
[Date "2024.7.16"]
[Round "1"]
[White "Xadrinho7"]
[Black "shmurtz91"]
[Result "1-0"]
[WhiteElo "1873"]
[BlackElo "1856"]

1. e4 Nc6 2. Bc4 Nf6 3. d3 e6 4. Nf3 Na5 5. Bg5 Be7 6. Nc3 Nxc4 7. dxc4 c6 8.
O-O h6 9. Bxf6 Bxf6 10. e5 Be7 11. Re1 O-O 12. a3 Qc7 13. b4 f6 14. Nh4 Rf7 15.
Qe2 fxe5 16. Qxe5 d6 17. Qg3 e5 18. Ng6 Bf6 19. Rad1 Be6 20. Qd3 Rd8 21. h3 Qc8
22. Ne4 Bh4 23. Nxh4 1-0

[Event "Challenge"]
[Site "http://www.queenalice.com/game.php?id=1840758"]
[Date "2024.7.24"]
[Round "-"]
[White "JoseMessias"]
[Black "Xadrinho7"]
[Result "0-1"]
[WhiteElo "1625"]
[BlackElo "1863"]

1. g3 e5 2. Bg2 d5 3. e4 d4 4. Nf3 Nc6 5. d3 Nf6 6. Bg5 Be7 7. h4 h6 8. Bd2 Bg4
9. Bh3 Bh5 10. c3 O-O 11. cxd4 Nxd4 12. Nxe5 Bxd1 13. Kxd1 Re8 14. g4 Bd6 15. f4
Bxe5 16. fxe5 Rxe5 17. g5 Nf3 18. gxf6 Qxd3 19. Bf5 Rd8 20. Bh3 Nxd2 21. Bf1
Nxf1+ 22. Ke1 Rxe4+ 23. Kf2 Qe2+ 24. Kg1 Rg4# 0-1

[Event "Challenge"]
[Site "http://www.queenalice.com/game.php?id=1841449"]
[Date "2024.8.5"]
[Round "-"]
[White "Xadrinho7"]
[Black "JoseMessias"]
[Result "0-1"]
[WhiteElo "1895"]
[BlackElo "1636"]

1. e4 e5 2. Bc4 Bc5 3. Nf3 c6 4. Nc3 Qb6 5. O-O f6 6. Na4 Qb4 7. Nxc5 Qxc5 8.
Bxg8 Rxg8 9. d4 exd4 10. Nxd4 g5 11. Nf5 d5 12. Qd4 Qxc2 13. Nd6+ Kd7 14. Nxc8
Kxc8 15. exd5 Rd8 16. Qg4+ f5 17. Qxg5 Nd7 18. dxc6 bxc6 19. Qd2 Qc5 20. Qc3
Qxc3 21. bxc3 Nc5 22. Ba3 Na4 23. Rfe1 Nxc3 24. Re6 Kb7 25. Re7+ Kb6 26. Rxh7
Rd3 27. h3 Ne2+ 28. Kh2 Rxa3 29. Rb1+ Ka6 0-1

[Event "AUTO-ADV-4834"]
[Site "http://www.queenalice.com/game.php?id=1849127"]
[Date "2024.12.22"]
[Round "1"]
[White "Canaye14"]
[Black "Xadrinho7"]
[Result "0-1"]
[WhiteElo "1866"]
[BlackElo "1908"]

1. d4 d5 2. Nf3 Nf6 3. h3 Bf5 4. Bf4 e6 5. e3 Nc6 6. Nbd2 Be7 7. Bb5 O-O 8. Nh4
Be4 9. Nxe4 Nxe4 10. Nf3 Bd6 11. Bxd6 Qxd6 12. O-O a6 13. Bd3 Nf6 14. a3 Rfe8
15. Rc1 e5 16. dxe5 Nxe5 17. Re1 Nxd3 18. Qxd3 Rad8 19. c4 dxc4 20. Qxc4 c6 21.
Ng5 Qd5 22. Qh4 h6 23. Nf3 Qe4 24. Rc4 Qxh4 25. Nxh4 Nd7 26. Rd1 Ne5 27. Rxd8
Rxd8 28. Nf5 Nxc4 0-1

[Event "AUTO-ADV-4834"]
[Site "http://www.queenalice.com/game.php?id=1849128"]
[Date "2024.12.22"]
[Round "1"]
[White "Xadrinho7"]
[Black "Canaye14"]
[Result "0-1"]
[WhiteElo "1923"]
[BlackElo "1798"]

1. e4 e6 2. d4 d5 3. e5 c5 4. Nf3 Nc6 5. Bb5 Qb6 6. Nc3 cxd4 7. Qxd4 Bc5 8. Qh4
Bd7 9. Bxc6 Bxc6 10. O-O Ne7 11. a3 Nf5 12. Qf4 O-O 13. b4 Be7 14. Re1 g6 15. g4
Ng7 16. Qh6 f5 17. Bg5 Qc7 18. Bxe7 Qxe7 19. Ng5 Ne8 20. gxf5 exf5 21. Rad1 Nc7
22. b5 Nxb5 23. Nxb5 Bxb5 24. Rxd5 Bc4 25. Rd6 Rad8 26. Red1 Rxd6 27. exd6 Qg7
28. Qxg7+ Kxg7 29. f4 Rd8 30. Rd4 Bf7 31. Nxf7 Kxf7 32. h4 Ke6 33. Kf2 Rxd6 34.
Rxd6+ Kxd6 35. Ke3 Kd5 36. Kd3 b5 37. c3 a5 38. Ke3 Kc4 39. Kd2 a4 40. Kc2 h5
41. Kd2 Kb3 42. Kd3 Kxa3 43. c4 bxc4+ 44. Kc3 Ka2 45. Kc2 c3 46. Kxc3 Ka3 47.
Kc2 Kb4 48. Kb2 Kc4 0-1

[Event "AUTO-ADV-4834"]
[Site "http://www.queenalice.com/game.php?id=1849141"]
[Date "2024.12.22"]
[Round "1"]
[White "SGF"]
[Black "Xadrinho7"]
[Result "0-1"]
[WhiteElo "1786"]
[BlackElo "1894"]

1. e4 e5 2. Qf3 Nf6 3. d3 d5 4. Bg5 Be7 5. exd5 Nxd5 6. Bxe7 Nxe7 7. Qg3 Ng6 8.
h4 Nc6 9. c3 O-O 10. h5 Nge7 11. h6 Nf5 12. Qh3 Nxh6 13. Qg3 Nf5 14. Qf3 Re8 15.
Be2 Nfe7 16. Qg3 Nd5 17. Qh2 h6 18. Bf3 Nf4 19. Bxc6 Nxd3+ 20. Ke2 bxc6 21. b4
Nf4+ 22. Ke3 Qd3# 0-1

[Event "AUTO-ADV-4834"]
[Site "http://www.queenalice.com/game.php?id=1849142"]
[Date "2024.12.22"]
[Round "1"]
[White "Xadrinho7"]
[Black "SGF"]
[Result "1-0"]
[WhiteElo "1885"]
[BlackElo "1688"]

1. d4 e6 2. e4 Qf6 3. Nf3 h6 4. Bc4 d6 5. Nc3 c6 6. e5 Qg6 7. O-O d5 8. Bd3 f5
9. exf6 Qxf6 10. Ne5 Ne7 11. Qh5+ g6 12. Bxg6+ Nxg6 13. Qxg6+ Qxg6 14. Nxg6 Rg8
15. Nxf8 Rxf8 16. Bxh6 Rf6 17. Bd2 b5 18. Ne2 Ba6 19. Rfe1 Nd7 20. Nf4 Kf7 21.
h4 Rh8 22. g3 Rf5 23. Kg2 Nf8 24. Nxe6 Nxe6 25. a4 Nxd4 26. Bc3 c5 27. axb5 Nxc2
28. Bxh8 Nxe1+ 29. Rxe1 Bxb5 30. Re5 Rxe5 31. Bxe5 d4 32. Kf3 Ke6 33. Bf4 d3 34.
h5 Kf6 35. h6 Kg6 36. b3 a5 37. Bd2 a4 38. bxa4 Bxa4 39. Ke4 c4 40. Kd4 Bb5 41.
Kc5 Ba6 42. Kd4 Kh7 43. g4 Bb5 44. g5 Ba6 45. f4 Kg6 46. Kc5 Kh7 47. f5 Kg8 48.
g6 Bc8 49. h7+ Kg7 50. Bc3+ Kh6 51. h8=Q+ Kg5 52. Kxc4 Bxf5 53. Bd2+ Kxg6 54.
Kd5 Kf7 55. Ke5 Bg4 56. Qh7+ Ke8 57. Kd6 Kf8 58. Bh6+ Ke8 59. Qe7# 1-0

[Event "AUTO-ADV-4834"]
[Site "http://www.queenalice.com/game.php?id=1849149"]
[Date "2024.12.22"]
[Round "1"]
[White "silverado"]
[Black "Xadrinho7"]
[Result "1-0"]
[WhiteElo "1899"]
[BlackElo "1901"]

1. e4 e5 2. Nc3 Nf6 3. a3 Bc5 4. Bc4 d6 5. d3 Ng4 6. Nh3 h6 7. f3 Qh4+ 8. g3
Qxh3 9. fxg4 Qg2 10. Rf1 O-O 11. Qe2 Qxe2+ 12. Kxe2 Bxg4+ 13. Ke1 Nc6 14. Nd5
Rac8 15. c3 Be6 16. Bd2 Bxd5 17. Bxd5 Rb8 18. b4 Bb6 19. Ke2 Ne7 20. Bc4 c6 21.
Rf3 d5 22. exd5 cxd5 23. Bb3 Kh8 24. Raf1 f6 25. c4 dxc4 26. dxc4 Nc6 27. Bc3
Nd4+ 28. Bxd4 Bxd4 29. a4 Rbd8 30. g4 Rd7 31. h4 Rfd8 32. Rd1 Bb6 33. Rxd7 Rxd7
34. c5 Bc7 35. b5 Ba5 36. Rd3 Rxd3 37. Kxd3 g5 38. h5 Kg7 39. Bd5 Bc7 40. Bxb7
Kf7 41. Bd5+ Ke7 42. Ke4 Bd8 43. Kf5 1-0

[Event "AUTO-ADV-4834"]
[Site "http://www.queenalice.com/game.php?id=1849150"]
[Date "2024.12.22"]
[Round "1"]
[White "Xadrinho7"]
[Black "silverado"]
[Result "1-0"]
[WhiteElo "1893"]
[BlackElo "1837"]

1. c4 d5 2. cxd5 Qxd5 3. Nc3 Qc5 4. Nf3 c6 5. d4 Qb4 6. e4 Bg4 7. a3 Qb6 8. Be2
Nd7 9. O-O O-O-O 10. Ng5 Bxe2 11. Nxe2 Nh6 12. Nf3 e5 13. Bxh6 gxh6 14. b4 Bg7
15. d5 cxd5 16. Qxd5 f6 17. Qa5 Qxa5 18. bxa5 Nc5 19. Rac1 b6 20. axb6 axb6 21.
Nc3 Kb7 22. Rfd1 Nd3 23. Rc2 Rd7 24. Ne1 Rhd8 25. Rcd2 Nc5 26. Rxd7+ Rxd7 27.
Rxd7+ Nxd7 28. Nd3 h5 29. f3 Bh6 30. Kf2 Bd2 31. Nd5 h4 32. g3 Bg5 33. Ne7 Nc5
34. Ke2 hxg3 35. hxg3 Nb3 36. Nd5 Nd4+ 37. Kf2 h5 38. f4 exf4 39. gxf4 Bh4+ 40.
Kg2 Ne6 41. Kh3 Nxf4+ 42. N3xf4 Bg5 43. Nxh5 b5 44. Nhf4 Ka6 45. Kg4 Ka5 46. Nc3
Bh6 47. Nfd5 Bg7 48. Kf5 Bh8 49. Kg6 f5 50. Kxf5 Bd4 51. e5 Bc5 52. Nb4 Bf8 53.
e6 Kb6 54. e7 Bxe7 55. Nbd5+ Kc5 56. Nxe7 Kc4 57. Ned5 Kc5 58. Ke5 Kc4 59. Kd6
Kb3 60. Nxb5 Ka4 61. Ndc3+ Ka5 62. Kc7 Ka6 63. Nd6 Ka5 64. Nb7+ Ka6 65. a4 Ka7
66. Nb5+ Ka6 67. Nd4 Ka7 68. Nc5 Ka8 69. Nd7 Ka7 70. Nc6+ 1-0

[Event "AUTO-INT-3885"]
[Site "http://www.queenalice.com/game.php?id=1851610"]
[Date "2025.2.5"]
[Round "2"]
[White "Xadrinho7"]
[Black "jenyasm"]
[Result "1-0"]
[WhiteElo "1928"]
[BlackElo "1682"]

1. c4 d6 2. Nc3 e5 3. g3 Nc6 4. Nf3 h6 5. Bg2 Bf5 6. d3 a6 7. O-O g6 8. Be3 Bg7
9. Ne1 Nf6 10. Nc2 O-O 11. Qd2 Rb8 12. Bxh6 Bxh6 13. Qxh6 Ng4 14. Qd2 Kg7 15. h3
Nh6 16. f4 exf4 17. Rxf4 Ne5 18. Ne3 b5 19. Nxf5+ Nxf5 20. Kh2 Qg5 21. Ne4 Qe7
22. Nf2 Rh8 23. b3 c5 24. Nd1 b4 25. Ne3 Nxe3 26. Qxe3 Rh5 27. Kg1 Qd7 28. d4
Nc6 29. Bf3 Rxh3 30. Bg4 Re8 31. Qd3 Qe7 32. Bxh3 Qxe2 33. Qxe2 Rxe2 34. dxc5
dxc5 35. Bg4 Re3 36. Kf2 Re5 37. Re1 a5 38. Rxe5 Nxe5 39. Ke3 Nc6 40. Bf3 Nd4
41. Rxd4 cxd4+ 42. Kxd4 1-0

[Event "AUTO-INT-3885"]
[Site "http://www.queenalice.com/game.php?id=1851611"]
[Date "2025.2.5"]
[Round "2"]
[White "jenyasm"]
[Black "Xadrinho7"]
[Result "0-1"]
[WhiteElo "1660"]
[BlackElo "1922"]

1. e4 e5 2. Nf3 Nf6 3. Nc3 Nc6 4. h3 d5 5. exd5 Nxd5 6. Nxd5 Qxd5 7. d3 Be7 8.
b3 Bb4+ 9. Nd2 O-O 10. Bb2 Bd7 11. f3 Rfe8 12. Qe2 Nd4 13. Bxd4 exd4 14. g4
Rxe2+ 15. Bxe2 Bxd2+ 16. Kxd2 Re8 17. h4 Qe5 18. Rae1 Qa5+ 19. Kd1 Qxa2 20. Kd2
Qa5+ 21. Kd1 c5 22. h5 Re6 23. f4 Qa1+ 24. Kd2 Qc3+ 25. Kd1 Ra6 26. Bf3 Ra1+ 27.
Ke2 Qxc2+ 28. Kf1 Qxd3+ 29. Be2 Rxe1+ 30. Kxe1 Qb1+ 31. Bd1 Bxg4 32. Kd2 Bxd1
33. Rxd1 Qxb3 34. Re1 Qc3+ 35. Kd1 Qxe1+ 36. Kxe1 b5 0-1

[Event "AUTO-INT-3885"]
[Site "http://www.queenalice.com/game.php?id=1851612"]
[Date "2025.2.5"]
[Round "2"]
[White "Xadrinho7"]
[Black "askasl159"]
[Result "1-0"]
[WhiteElo "1974"]
[BlackElo "1963"]

1. d4 d5 2. c4 c6 3. Nf3 g6 4. Nc3 Bg7 5. e4 dxe4 6. Nxe4 Nf6 7. Nc3 Bf5 8. Bd3
Bxd3 9. Qxd3 O-O 10. O-O Qc7 11. Bd2 Nbd7 12. Rfe1 b6 13. Rxe7 Rae8 14. Rae1 c5
15. dxc5 Rxe7 16. Rxe7 Qxc5 17. Rxd7 Nxd7 18. Qxd7 a6 19. b3 Bxc3 20. Bxc3 Qc8
21. Qd4 f6 22. Qxb6 Kg7 23. h3 h6 24. Nd4 Re8 25. Nf3 Re6 26. Qa7+ Kg8 27. Qd4
Qc7 28. Qd5 Kf7 29. Nd4 Qe7 30. Nxe6 Qxe6 31. Qxe6+ Kxe6 32. Kf1 f5 33. f4 g5
34. g3 gxf4 35. gxf4 h5 36. Ke2 h4 37. Kd3 Kd6 38. Kd4 Ke6 39. Kc5 Kd7 40. Kb6
1-0

[Event "AUTO-INT-3885"]
[Site "http://www.queenalice.com/game.php?id=1851613"]
[Date "2025.2.5"]
[Round "2"]
[White "askasl159"]
[Black "Xadrinho7"]
[Result "0-1"]
[WhiteElo "1891"]
[BlackElo "1907"]

1. e4 e5 2. f4 d5 3. Nf3 Nc6 4. Bb5 Bd7 5. a3 dxe4 6. Bxc6 Bxc6 7. Nxe5 Bb5 8.
c4 Ba6 9. Qh5 g6 10. Qg4 Nf6 11. Qe2 Bg7 12. Nc3 Nd7 13. Qxe4 O-O 14. O-O Re8
15. d4 Nxe5 16. fxe5 b6 17. Nb5 c5 18. Nd6 Qxd6 19. Qxa8 Qxd4+ 0-1

[Event "AUTO-ADV-4799"]
[Site "http://www.queenalice.com/game.php?id=1855534"]
[Date "2025.4.14"]
[Round "2"]
[White "Capixabba789"]
[Black "Xadrinho7"]
[Result "0-1"]
[WhiteElo "1839"]
[BlackElo "1910"]

1. d4 e6 2. e4 d5 3. exd5 exd5 4. Nc3 Nf6 5. f4 Bb4 6. Nf3 O-O 7. Bd2 Re8+ 8.
Be2 Bg4 9. O-O Nc6 10. Kh1 Bxf3 11. Bxf3 Nxd4 12. a3 Nxf3 13. Rxf3 Bc5 14. Be1
c6 15. Rh3 Ne4 16. Nxe4 Rxe4 17. Bg3 Qd7 18. Qd3 Rae8 19. c4 h6 20. Rf1 Rxc4 21.
f5 Re3 22. Qd1 f6 23. Qh5 Qf7 24. Qd1 Re8 25. Rh4 Rxh4 26. Bxh4 Bb6 27. Qg4 Re4
28. Qh3 Qh5 29. Bg3 Qxh3 30. gxh3 Re2 31. Rb1 d4 0-1

[Event "AUTO-ADV-4799"]
[Site "http://www.queenalice.com/game.php?id=1855535"]
[Date "2025.4.14"]
[Round "2"]
[White "Xadrinho7"]
[Black "Capixabba789"]
[Result "1-0"]
[WhiteElo "1934"]
[BlackElo "1882"]

1. e4 Nf6 2. Nc3 e5 3. Nf3 d6 4. Bc4 Be7 5. O-O O-O 6. d4 exd4 7. Nxd4 Bg4 8.
Be2 Bxe2 9. Qxe2 c5 10. Nf5 Nc6 11. Nxe7+ Qxe7 12. Bg5 Nd4 13. Qd1 h6 14. Bxf6
Qxf6 15. Nd5 Kh8 16. Nxf6 1-0

[Event "AUTO-ADV-4799"]
[Site "http://www.queenalice.com/game.php?id=1855540"]
[Date "2025.4.14"]
[Round "2"]
[White "Canaye14"]
[Black "Xadrinho7"]
[Result "0-1"]
[WhiteElo "1882"]
[BlackElo "1961"]

1. d4 Nf6 2. Bf4 d5 3. Nf3 Nc6 4. c3 Bf5 5. e3 e6 6. Nbd2 Be7 7. Nh4 Bg6 8. Nxg6
hxg6 9. Nf3 Qd7 10. Bb5 Bd6 11. Be5 O-O-O 12. Rc1 a6 13. Ba4 b5 14. Bb3 Be7 15.
a4 Nxe5 16. Nxe5 Qe8 17. axb5 axb5 18. Ra1 Nd7 19. Nc6 Kb7 20. Nxd8+ Qxd8 21. c4
Bb4+ 22. Ke2 dxc4 23. Bc2 Nb6 24. Be4+ c6 25. h3 Nd5 26. f3 f5 27. Bc2 Qg5 28.
Qg1 Rh4 29. g3 Rxd4 30. exd4 Qd2+ 31. Kf1 Ne3+ 0-1

[Event "AUTO-ADV-4799"]
[Site "http://www.queenalice.com/game.php?id=1855541"]
[Date "2025.4.14"]
[Round "2"]
[White "Xadrinho7"]
[Black "Canaye14"]
[Result "1-0"]
[WhiteElo "1948"]
[BlackElo "1874"]

1. e4 e6 2. Nf3 d5 3. exd5 exd5 4. d4 Nf6 5. Nc3 Bb4 6. Bd2 O-O 7. Be2 Re8 8.
O-O Bg4 9. Ne5 Bxe2 10. Qxe2 Bxc3 11. Bxc3 Nbd7 12. Qd3 c5 13. Nxd7 Nxd7 14.
dxc5 Nf6 15. Rfe1 Ne4 16. Bd4 Qh4 17. Qb5 Nd6 18. cxd6 Rxe1+ 19. Rxe1 h6 20.
Re8+ Rxe8 21. Qxe8+ Kh7 22. Qe5 Qg4 23. f3 Qg6 24. Qxd5 Qxc2 25. Qe4+ Qxe4 26.
fxe4 Kg8 27. d7 1-0

[Event "Challenge"]
[Site "http://www.queenalice.com/game.php?id=1856129"]
[Date "2025.4.24"]
[Round "-"]
[White "jogo"]
[Black "Xadrinho7"]
[Result "1-0"]
[WhiteElo "1886"]
[BlackElo "1963"]

1. e4 c5 2. Nf3 Nc6 3. c3 Nf6 4. e5 Nd5 5. d4 e6 6. Bd3 cxd4 7. cxd4 Bb4+ 8. Bd2
Qb6 9. Bxb4 Qxb4+ 10. Qd2 Nxd4 11. Qxb4 Nxb4 12. Nxd4 Nxd3+ 13. Ke2 Nxe5 14. b3
b6 15. f4 Nc6 16. Nxc6 dxc6 17. Nd2 O-O 18. Rac1 Bb7 19. Kf2 c5 20. Nc4 Rfd8 21.
Rhd1 Kf8 22. Rxd8+ Rxd8 23. g3 Ke7 24. Ke2 h5 25. Ne5 f6 26. Ng6+ Kf7 27. Nh4
Rd4 28. Rd1 Rxd1 29. Kxd1 g5 30. fxg5 fxg5 31. Ke2 gxh4 32. gxh4 Kf6 33. Kf2 1-0

[Event "AUTO-ADV-4834"]
[Site "http://www.queenalice.com/game.php?id=1856963"]
[Date "2025.5.8"]
[Round "2"]
[White "chessman"]
[Black "Xadrinho7"]
[Result "1-0"]
[WhiteElo "2045"]
[BlackElo "1976"]

1. e4 e5 2. Nf3 Nc6 3. Bb5 Nd4 4. Bc4 Nxf3+ 5. Qxf3 Nf6 6. d3 Be7 7. O-O O-O 8.
c3 d5 9. exd5 Bg4 10. Qe3 Nxd5 11. Qxe5 Nf6 12. d4 Re8 13. Qg3 Bd6 14. Qh4 Be6
15. Bd3 g6 16. Nd2 Ng4 17. Qxd8 Raxd8 18. h3 Nf6 19. Nf3 Bd5 20. Bg5 Be7 21.
Rfe1 Bxf3 22. gxf3 Kg7 23. Kg2 h6 24. Be3 Bd6 25. a3 1-0

[Event "AUTO-ADV-4834"]
[Site "http://www.queenalice.com/game.php?id=1856964"]
[Date "2025.5.8"]
[Round "2"]
[White "Xadrinho7"]
[Black "chessman"]
[Result "0-1"]
[WhiteElo "1990"]
[BlackElo "2031"]

1. d4 d5 2. Nc3 c6 3. Nf3 Nf6 4. Bf4 e6 5. a3 Be7 6. e3 O-O 7. Bd3 Nbd7 8. Bg5
a6 9. h4 h6 10. Bxf6 Bxf6 11. h5 Re8 12. Qe2 e5 13. dxe5 Nxe5 14. Nxe5 Bxe5 15.
O-O-O Bxc3 16. bxc3 Qa5 17. Kb2 Be6 18. Rb1 c5 19. g4 c4 20. Bf5 Qb6+ 21. Kc1
Qa5 22. Ra1 Qxc3 0-1